000 00385nam a2200157Ia 4500
008 151213s9999 xx 000 0 und d
020 _a0-471-34900-7
100 _aB.C.Gaswami
245 _aTextile Yearns
_cB.C.Gaswami
260 _aNew York
_bJohn Willey and Sons
_c1977
300 _a7421 p.
650 _aTextiles
650 _aTextiles
700 _aB.C.Gaswami
999 _c3956
_d3956